00357nam a22001217a 4500999001900000020001900019040000800038082001700046100002500063245002400088942001200112952011100124 c533314d533314 a978-1842653371 cDLC a624.171bMEN aMenon, Devdas927158 aStructural Analysis 2ddccBK 00102ddc4070aNITbNITd2019-12-23l4m2o624.171 MENpNIT-5093r2025-02-11s2024-03-12w2019-12-23yBK